|
|
|
|
| LEADER |
00000nab a2200000 ar4500 |
| 001 |
vtls011571319 |
| 003 |
SK-MaSNL |
| 005 |
20260303232754.0 |
| 008 |
160804c20141118xo mr|p|||||||000 b|slo |
| 038 |
|
|
|a SNSK
|
| 040 |
|
|
|b slo
|c SNSK
|e AACR2
|
| 041 |
|
|
|a slo
|
| 044 |
|
|
|a xo
|c SK
|
| 080 |
|
|
|a 616-072
|2 2011
|
| 080 |
|
|
|a 618.16
|x (437.672.121.142)
|2 2011
|
| 245 |
0 |
0 |
|a Moderné mamografické pracovisko zvyšuje presnosť diagnostiky
|c [autor] (ešl)
|
| 300 |
|
|
|b Fotogr.
|
| 610 |
2 |
7 |
|a Nemocnica Svet zdravia (Spišská Nová Ves, Slovensko)
|2 snsk
|9 1087497
|
| 610 |
2 |
7 |
|a Svet zdravia (sieť regionálnych nemocníc)
|2 snsk
|9 275841
|
| 650 |
0 |
7 |
|a mamografické pracoviská
|2 snsk
|9 1245401
|
| 650 |
0 |
7 |
|a diagnostika (medicína)
|2 snsk
|9 28740
|
| 651 |
|
7 |
|a Spišská Nová Ves (Slovensko)
|2 snsk
|9 28800
|
| 773 |
0 |
|
|t Novoveský Korzár
|g Roč. III., č. 46 (18.11.2014), s. 4
|x 1338-841X
|
| 852 |
|
|
|a SNSK
|b KIS3GCP
|
| 999 |
|
|
|c 2273608
|d 2275538
|